书目信息 |
| 题名: |
爱要多少才足够
|
|
| 作者: | 道森, , 布莱德赫夫特, , 克拉克, 著 ;卫云 译 | |
| 分册: | ||
| 出版信息: | 北京 新世界出版社 2006.01 |
|
| 页数: | 311页 | |
| 开本: | 22cm | |
| 丛书名: | 阶梯成长系列丛书 | |
| 单 册: | ||
| 中图分类: | G78 | |
| 科图分类: | ||
| 主题词: | 儿童教育--er tong jiao yu--家庭教育 , 儿童教育--er tong jiao yu | |
| 电子资源: | ||
| ISBN: | 7-80187-975-9 | |
| 000 | 01331nam 2200325 450 | |
| 001 | 0733632281 | |
| 005 | 20080825163904.40 | |
| 010 | @a7-80187-975-9@dCNY23.80 | |
| 100 | @a20071217d2006 km y0chiy0120 ea | |
| 101 | 0 | @achi@ceng |
| 102 | @aCN@b110000 | |
| 105 | @aa z 000zy | |
| 200 | 1 | @a爱要多少才足够@Aai yao duo shao cai zu gou@f(美) 珍妮·艾尔斯莉·克拉克, 康妮·道森, 戴维·布莱德赫夫特著@F(mei)zhen ni·ai er si li·ke la ke,kang ni·dao sen,dai wei·bu lai de he fu te zhu |
| 210 | @a北京@c新世界出版社@d2006.01 | |
| 215 | @a311页@c图@d22cm | |
| 225 | 2 | @a阶梯成长系列丛书@Ajie ti cheng zhang xi lie cong shu@v05 |
| 304 | @a版权页题 : 译者卫云等 | |
| 312 | @a英文并列题名取自封面 | |
| 330 | @a本书向读者阐释了过多给予、过度关爱以及过于宽松将如何阻碍孩子们学习许多重要的生活技能、而这些技能将直接影响成人后的他们能否幸福于健康。书中列举的明智建议、源于真实生活的生动故事。 | |
| 410 | 0 | @12001 @a阶梯成长系列丛书 |
| 510 | @aHow much is enough@zeng | |
| 606 | 0 | @a儿童教育@Aer tong jiao yu@x家庭教育 |
| 606 | 0 | @a儿童教育@Aer tong jiao yu |
| 690 | @aG78@v4 | |
| 701 | 1 | @a道森,@Adao sen,@b康妮·@4著 |
| 701 | 1 | @a布莱德赫夫特,@Abu lai de he fu te,@b戴维·@4著 |
| 701 | 1 | @a克拉克,@Ake la ke,@b珍妮·艾尔斯莉·@4著 |
| 702 | 0 | @a卫云@Awei yun@4译 |
| 801 | 0 | @aCN@c20080825 |
| 905 | @dG78@eK633 | |
| 爱要多少才足够/(美) 珍妮·艾尔斯莉·克拉克, 康妮·道森, 戴维·布莱德赫夫特著.-北京:新世界出版社,2006.01 |
| 311页:图;22cm.-(阶梯成长系列丛书;05) |
| ←并列题名:How much is enough |
| ISBN 7-80187-975-9:CNY23.80 |
| 本书向读者阐释了过多给予、过度关爱以及过于宽松将如何阻碍孩子们学习许多重要的生活技能、而这些技能将直接影响成人后的他们能否幸福于健康。书中列举的明智建议、源于真实生活的生动故事。 |
| ● |
| 相关链接 |
|
|
|
正题名:爱要多少才足够
索取号:G78/K633
 
预约/预借
| 序号 | 登录号 | 条形码 | 馆藏地/架位号 | 状态 | 备注 |
| 1 | 714152 | 207141528 | 社科二线422/422社科库 30排2列1层/ [索取号:G78/K633] | 在馆 | |
| 2 | 714153 | 207141537 | 社科库409/409社科库 17排1列5层/ [索取号:G78/K633] | 在馆 | |
| 3 | 714154 | 207141546 | 社科库409/409社科库 17排1列5层/ [索取号:G78/K633] | 在馆 |